000 00296nam a22001337a 4500
082 _a425
_bSHA/S
100 _aSHARMA
100 _aAGARWAL
245 _aEVER- LATEST IDIOMS AND PHRASES
260 _aAGRA
_bSULABH PUBLICATIONS
300 _a306
650 _aIDIOMS & PHRASES
_zAGRA
942 _cBK
999 _c3786
_d3786